Management Accounting (Record no. 9755)

MARC details
000 -LEADER
fixed length control field 00374nam a22001457a 4500
008 - FIXED-LENGTH DATA ELEMENTS--GENERAL INFORMATION
fixed length control field 231204b |||||||| |||| 00| 0 eng d
082 ## - DEWEY DECIMAL CLASSIFICATION NUMBER
Classification number 658.15 RED
100 ## - MAIN ENTRY--PERSONAL NAME
Personal name Reddy, T.S.
245 ## - TITLE STATEMENT
Title Management Accounting
250 ## - EDITION STATEMENT
Edition statement 3rd ed.
260 ## - PUBLICATION, DISTRIBUTION, ETC.
Place of publication, distribution, etc. Chennai :
Name of publisher, distributor, etc. Margham,
Date of publication, distribution, etc. 2000.
300 ## - PHYSICAL DESCRIPTION
Extent xiv. 9.82 p:
Dimensions 21.3 Cm.
700 ## - ADDED ENTRY--PERSONAL NAME
Personal name Reddy, Y. Hari Prasad.
Relator term Author
942 ## - Added entry Elements (Koha)
Source of classification or shelving scheme Dewey Decimal Classification
Holdings
Withdrawn status Lost status Source of classification or shelving scheme Damaged status Not for loan Collection code Home library Current library Shelving location Date acquired Serial Enumeration / chronology Total Checkouts Full call number Barcode Date last seen Price effective from Koha item type
    Dewey Decimal Classification     Main TEST RTC Library RTC Library Main opac 04/12/2023 177990   658.15 RED 30019096 04/12/2023 04/12/2023 Main
Royal Thimphu College || All Right Reserved